Normal view
MARC view
Entry Personal Name
001 - CONTROL NUMBER
- control field: 26769
003 - CONTROL NUMBER IDENTIFIER
- control field: ARRUPE
005 - DATE AND TIME OF LATEST TRANSACTION
- control field: 20161017110408.0
008 - FIXED-LENGTH DATA ELEMENTS
- fixed length control field: 161017|| aca||aabn | a|a d
040 ## - CATALOGING SOURCE
- Original cataloging agency: ARRUPE
- Transcribing agency: ARRUPE
100 ## - HEADING--PERSONAL NAME
- Personal name: Fanon, Frantz,
- Dates associated with a name: 1925-1961.
670 ## - SOURCE DATA FOUND
- Source citation: Work cat.: (ARRUPE)0: McCulloch, Jock, 1945- 26768, Black soul white artifact :, 1983.